[Event "Guernsey International Chess Festival 2"]
[Site "?"]
[Date "2019.10.25"]
[Round "6.14"]
[White "Hamperl, Fred A"]
[Black "Spanton, Timothy R"]
[Result "1-0"]
[WhiteElo "1995"]
[BlackElo "1927"]
[PlyCount "131"]
[EventDate "2019.??.??"]

1. e4 c5 2. Nc3 g6 3. f4 Bg7 4. Nf3 Nc6 5. Be2 d6 6. O-O Bg4 7. Qe1 Nd4 8. Nxd4
Bxd4+ 9. Kh1 Bxe2 10. Nxe2 Bg7 11. d3 e6 12. Bd2 Ne7 13. Bc3 Bxc3 14. Qxc3 O-O
15. Rf2 Rc8 16. Qb3 Qb6 17. g4 c4 18. Qxb6 axb6 19. d4 d5 20. e5 Ra8 21. a3 Ra5
22. Rg1 Kh8 23. Ng3 c3 24. Rb1 cxb2 25. Rxb2 b5 26. f5 gxf5 27. gxf5 Nxf5 28.
Nxf5 exf5 29. Rxf5 Rxa3 30. Rxb5 Ra1+ 31. Kg2 Rg8+ 32. Kh3 Ra6 33. Kh4 Rh6+ 34.
Rh5 Rc6 35. Rg5 Rxc2 36. h3 Rb8 37. Rg4 Rc3 38. Rb6 Rc6 39. Rb5 Rh6+ 40. Kg3
Rg6 41. Kf4 Kg7 42. Kf5 b6 43. Rg5 Rb7 44. h4 Rb8 45. h5 Rxg5+ 46. Kxg5 h6+ 47.
Kf5 Kf8 48. Kf6 Rb7 49. Rxd5 Rb8 50. Rb5 Rb7 51. d5 Rb8 52. d6 Rb7 53. d7 Rxd7
54. Rxb6 Kg8 55. Rb8+ Kh7 56. Rf8 Rd6+ 57. Kxf7 Rd8 58. e6 Rd1 59. e7 Rf1+ 60.
Ke8 Re1 61. Rf6 Kg7 62. Rg6+ Kh7 63. Kf7 Re2 64. Rf6 Ra2 65. e8=Q Ra8 66. Qe4+
1-0

[Event "Guernsey International Chess Festival 2"]
[Site "?"]
[Date "2019.10.25"]
[Round "6.15"]
[White "Dijksterhuis, Rolf"]
[Black "Gravett, Alan D"]
[Result "1/2-1/2"]
[WhiteElo "1937"]
[BlackElo "1831"]
[PlyCount "73"]
[EventDate "2019.??.??"]

1. e4 g6 2. d4 Bg7 3. c4 d6 4. Nc3 Nf6 5. Nf3 O-O 6. Be2 c6 7. O-O e5 8. dxe5
dxe5 9. Qc2 Qc7 10. b4 a5 11. b5 Nbd7 12. Nd2 Re8 13. a4 Nc5 14. Nb3 Nxb3 15.
Qxb3 Be6 16. Be3 Rac8 17. Rfc1 Qb8 18. f3 Nd7 19. Rab1 Bf8 20. Qb2 Bb4 21. Nd5
cxd5 22. cxd5 Bxd5 23. exd5 Qd6 24. Bc4 Ba3 25. Qd2 Bxc1 26. Rxc1 b6 27. Bb3
Nc5 28. Ba2 Nxa4 29. Rc6 Rxc6 30. bxc6 Rc8 31. f4 e4 32. f5 gxf5 33. h3 Nc5 34.
Bf4 Qd8 35. Bg5 Qd6 36. Bf4 Qd8 37. Bg5 1/2-1/2

[Event "Guernsey International Chess Festival 2"]
[Site "?"]
[Date "2019.10.25"]
[Round "6.16"]
[White "Canonne, Antoine"]
[Black "Brookfield, Toby"]
[Result "1-0"]
[WhiteElo "1908"]
[BlackElo "1804"]
[PlyCount "59"]
[EventDate "2019.??.??"]

1. e4 c5 2. Nc3 e6 3. f4 a6 4. Nf3 b5 5. Qe2 Bb7 6. d3 Nc6 7. Be3 Qa5 8. Qd2
Nf6 9. h3 b4 10. Ne2 d5 11. e5 Nd7 12. Ng3 d4 13. Bf2 g6 14. Ne4 O-O-O 15. Nfg5
Ndxe5 16. fxe5 Bh6 17. Bg3 c4 18. dxc4 Nxe5 19. Bf4 d3 20. Qf2 b3+ 21. Bd2 Qc7
22. cxb3 Nc6 23. O-O-O Rd4 24. Nc3 Rhd8 25. Nf3 Bxd2+ 26. Rxd2 R4d6 27. Qc5 Nd4
28. Qxc7+ Kxc7 29. Nxd4 Rxd4 30. Rg1 1-0

[Event "Guernsey International Chess Festival 2"]
[Site "?"]
[Date "2019.10.25"]
[Round "6.18"]
[White "Burton, Ronnie"]
[Black "Kirby, Peter J"]
[Result "1/2-1/2"]
[WhiteElo "1862"]
[BlackElo "2004"]
[PlyCount "33"]
[EventDate "2019.??.??"]

1. c4 Nf6 2. g3 g6 3. Bg2 Bg7 4. Nc3 O-O 5. d4 d6 6. Nf3 Nbd7 7. O-O e5 8. e4
c6 9. h3 Qb6 10. dxe5 dxe5 11. Qc2 Re8 12. Be3 Qc7 13. Rad1 Bf8 14. a3 Bc5 15.
Bh6 Bf8 16. Be3 Bc5 17. Bh6 1/2-1/2

[Event "Guernsey International Chess Festival 2"]
[Site "?"]
[Date "2019.10.25"]
[Round "6.19"]
[White "Fassaert, Desire JM"]
[Black "Agustsson, Hafsteinn"]
[Result "1/2-1/2"]
[WhiteElo "1952"]
[BlackElo "1804"]
[PlyCount "31"]
[EventDate "2019.??.??"]

1. c4 e6 2. Nf3 d5 3. e3 Nf6 4. Nc3 Be7 5. d4 O-O 6. Be2 b6 7. O-O Bb7 8. b3 c5
9. Bb2 Nc6 10. cxd5 Nxd5 11. dxc5 Nxc3 12. Bxc3 Bxc5 13. Qxd8 Rfxd8 14. Rfd1
Kf8 15. Kf1 Nb4 16. Bxb4 1/2-1/2

[Event "Guernsey International Chess Festival 2"]
[Site "?"]
[Date "2019.10.25"]
[Round "6.20"]
[White "Rowe, Peter"]
[Black "Murray, J Stephen"]
[Result "1-0"]
[WhiteElo "1957"]
[BlackElo "1736"]
[PlyCount "117"]
[EventDate "2019.??.??"]

1. d4 Nf6 2. Bf4 e6 3. Nf3 c5 4. c3 b6 5. e3 Bb7 6. Be2 Be7 7. h3 d6 8. O-O O-O
9. a4 Nc6 10. Nbd2 cxd4 11. exd4 Rc8 12. Re1 Re8 13. Bb5 a6 14. Bc4 Bf8 15. Bb3
Na5 16. Bc2 g6 17. Bg3 Nc4 18. Nxc4 Rxc4 19. Bd3 Rc8 20. Qe2 a5 21. Bh4 Be7 22.
Bb5 Bc6 23. Bxc6 Rxc6 24. Rad1 Nd5 25. Qb5 Qc8 26. Bg3 Rd8 27. Nd2 Bf8 28. Bh4
Rd7 29. Qe2 Be7 30. Bg3 Qd8 31. Ne4 Nf6 32. Qb5 Qc8 33. Nd2 Nd5 34. Re2 Rdc7
35. Rde1 Qd7 36. c4 Nb4 37. d5 Rc5 38. Qxd7 Rxd7 39. dxe6 fxe6 40. Rxe6 Bf8 41.
b3 Rf5 42. Nf3 Nd3 43. Rd1 Nc5 44. Re3 Kg7 45. Nd4 Rff7 46. Ne6+ Kh6 47. Bf4+
g5 48. Bxg5+ Kg6 49. Nxf8+ Rxf8 50. Be7 Re8 51. Rxd6+ Rxd6 52. Bxd6 Rxe3 53.
fxe3 Nxb3 54. Bc7 Nd2 55. Bxb6 Nxc4 56. Bd4 Kf5 57. Kf2 Ke4 58. Ke2 Nd6 59. g4
1-0

[Event "Guernsey International Chess Festival 2"]
[Site "?"]
[Date "2019.10.26"]
[Round "7.5"]
[White "Kwossek, Georg"]
[Black "Purdon, Colin"]
[Result "1/2-1/2"]
[WhiteElo "1984"]
[BlackElo "1993"]
[PlyCount "58"]
[EventDate "2019.??.??"]

1. Nf3 Nf6 2. g3 d5 3. Bg2 Bg4 4. c4 c6 5. cxd5 Nxd5 6. d4 Nd7 7. O-O e6 8. e4
N5f6 9. Nc3 Be7 10. Re1 O-O 11. h3 Bxf3 12. Bxf3 e5 13. d5 Qc7 14. Be3 Nb6 15.
Qb3 cxd5 16. Nxd5 Nbxd5 17. exd5 Qd7 18. Rad1 Bd6 19. Bg2 h6 20. Rc1 Rfc8 21.
a4 a6 22. Rc3 Rxc3 23. bxc3 b5 24. axb5 Qxb5 25. Qxb5 axb5 26. Rb1 Rc8 27. Rxb5
Rxc3 28. Rb6 Ne8 29. Kf1 Bc7 1/2-1/2

[Event "Guernsey International Chess Festival 2"]
[Site "?"]
[Date "2019.10.26"]
[Round "7.7"]
[White "Heppell, Ian N"]
[Black "Goris, Ton"]
[Result "1-0"]
[WhiteElo "1995"]
[BlackElo "1913"]
[PlyCount "51"]
[EventDate "2019.??.??"]

1. e4 e6 2. d4 d5 3. exd5 exd5 4. Nf3 Bd6 5. c4 c6 6. Nc3 Ne7 7. Bg5 f6 8. Be3
O-O 9. Bd3 Be6 10. c5 Bc7 11. Qc2 g6 12. h4 Qd7 13. h5 Bf5 14. hxg6 hxg6 15.
O-O-O Bxd3 16. Qxd3 Qf5 17. Qd2 g5 18. Rh5 Bf4 19. Bxf4 Qxf4 20. Qxf4 gxf4 21.
Rdh1 Kf7 22. Ne2 Ng6 23. Rh7+ Ke6 24. Rg7 Kf5 25. Rh5+ Kg4 26. Rh6 1-0

[Event "Guernsey International Chess Festival 2"]
[Site "?"]
[Date "2019.10.26"]
[Round "7.10"]
[White "Collier, David O"]
[Black "White, Nigel"]
[Result "1/2-1/2"]
[WhiteElo "2009"]
[BlackElo "1975"]
[PlyCount "24"]
[EventDate "2019.??.??"]

1. d4 Nf6 2. Nf3 g6 3. Nc3 d5 4. Bf4 Bg7 5. e3 O-O 6. Bd3 c6 7. O-O Nbd7 8. Re1
Nh5 9. Bg5 Nhf6 10. Bf4 Nh5 11. Bg5 Nhf6 12. Bf4 Nh5 1/2-1/2

[Event "Guernsey International Chess Festival 2"]
[Site "?"]
[Date "2019.10.26"]
[Round "7.13"]
[White "Reijneveld, Ad"]
[Black "Canonne, Antoine"]
[Result "1/2-1/2"]
[WhiteElo "2056"]
[BlackElo "1908"]
[PlyCount "25"]
[EventDate "2019.??.??"]

1. Nc3 d5 2. e4 c6 3. Nf3 Bg4 4. h3 Bh5 5. Be2 e6 6. O-O Nf6 7. exd5 cxd5 8. d4
Be7 9. Ne5 Bxe2 10. Qxe2 O-O 11. Bg5 Nfd7 12. Bxe7 Qxe7 13. Nxd7 1/2-1/2

[Event "Guernsey International Chess Festival 2"]
[Site "?"]
[Date "2019.10.26"]
[Round "7.14"]
[White "Kirby, Peter J"]
[Black "Dijksterhuis, Rolf"]
[Result "1-0"]
[WhiteElo "2004"]
[BlackElo "1937"]
[PlyCount "109"]
[EventDate "2019.??.??"]

1. c4 c6 2. g3 d5 3. Bg2 Nf6 4. Nf3 e6 5. O-O Nbd7 6. d4 Be7 7. Qc2 O-O 8. Nbd2
b6 9. e4 dxe4 10. Nxe4 Bb7 11. Rd1 Nxe4 12. Qxe4 Qc8 13. Ne5 Nxe5 14. dxe5 Rb8
15. Bf4 c5 16. Qe2 Bxg2 17. Kxg2 Qc6+ 18. Qf3 Qxf3+ 19. Kxf3 Rfd8 20. Ke2 Rxd1
21. Rxd1 Rd8 22. Rxd8+ Bxd8 23. Bd2 Kf8 24. Kd3 Ke8 25. Ke4 Kd7 26. a4 a5 27.
g4 f6 28. Bc3 fxe5 29. Bxe5 Bf6 30. b3 Bxe5 31. Kxe5 Ke7 32. h4 Kd7 33. g5 Ke7
34. h5 Kd7 35. h6 gxh6 36. gxh6 Ke7 37. f4 Kf7 38. f5 exf5 39. Kxf5 Ke7 40. Ke5
Kf7 41. Kd6 Kg6 42. Kc6 Kxh6 43. Kxb6 Kg7 44. Kxc5 h5 45. Kb6 h4 46. c5 h3 47.
c6 h2 48. c7 h1=Q 49. c8=Q Qe1 50. Qd7+ Kh8 51. Qd4+ Kh7 52. Kb5 Qg3 53. Qd7+
Kh8 54. Qc8+ Kg7 55. Qb7+ 1-0

[Event "Guernsey International Chess Festival 2"]
[Site "?"]
[Date "2019.10.26"]
[Round "7.15"]
[White "Gravett, Alan D"]
[Black "Korte, Markus"]
[Result "0-1"]
[WhiteElo "1831"]
[BlackElo "1975"]
[PlyCount "62"]
[EventDate "2019.??.??"]

1. Nf3 Nf6 2. g3 d5 3. c4 d4 4. b4 c5 5. bxc5 Nc6 6. Bg2 e5 7. d3 Bxc5 8. O-O
O-O 9. Na3 Qe7 10. Nc2 h6 11. Bb2 Bf5 12. Rb1 Rad8 13. h3 Bh7 14. Qc1 e4 15.
Nfe1 Ne5 16. Ba3 exd3 17. exd3 Nxd3 18. Nxd3 Bxa3 19. Nxa3 Bxd3 20. Rxb7 Qc5
21. Re1 Rfe8 22. Rxe8+ Rxe8 23. Rb5 Qe7 24. Rb7 Qc5 25. Rb5 Qc7 26. Rb7 Qa5 27.
Rb5 Re1+ 28. Kh2 Qxb5 29. Qxe1 Qb2 30. Nb5 Bxc4 31. Nxa7 d3 0-1

[Event "Guernsey International Chess Festival 2"]
[Site "?"]
[Date "2019.10.26"]
[Round "7.16"]
[White "Sikkel, Dirk"]
[Black "Rowe, Peter"]
[Result "1/2-1/2"]
[WhiteElo "1918"]
[BlackElo "1957"]
[PlyCount "31"]
[EventDate "2019.??.??"]

1. e4 c5 2. Nf3 Nc6 3. Bb5 Nf6 4. e5 Nd5 5. O-O g6 6. c4 Nc7 7. Ba4 Bg7 8. Re1
O-O 9. Nc3 a6 10. d3 Rb8 11. Nd5 b5 12. Bb3 Ne6 13. cxb5 axb5 14. Nf4 Nxf4 15.
Bxf4 d6 16. Rc1 1/2-1/2

[Event "Guernsey International Chess Festival 2"]
[Site "?"]
[Date "2019.10.26"]
[Round "7.17"]
[White "De Kruif, Kees"]
[Black "Spanton, Timothy R"]
[Result "0-1"]
[WhiteElo "1985"]
[BlackElo "1927"]
[PlyCount "84"]
[EventDate "2019.??.??"]

1. c4 e5 2. g3 Nc6 3. Bg2 g6 4. Nc3 Bg7 5. d3 Nge7 6. e4 O-O 7. Nge2 d6 8. O-O
f5 9. Rb1 Be6 10. b3 Qd7 11. Nd5 Rf7 12. f4 Raf8 13. Be3 a6 14. Qd2 Kh8 15. Kh1
Ng8 16. Rbd1 fxe4 17. Bxe4 exf4 18. Rxf4 Rxf4 19. Ndxf4 Bf5 20. Bg2 Nf6 21. Nd4
Nxd4 22. Bxd4 c6 23. Re1 Re8 24. Rxe8+ Qxe8 25. Kg1 Ng4 26. Bxg7+ Kxg7 27. Bf3
Qe5 28. h3 Qd4+ 29. Kg2 Ne3+ 30. Kg1 Nxc4+ 31. Qf2 Qxf2+ 32. Kxf2 Ne5 33. d4
Nxf3 34. Kxf3 a5 35. a3 Kf6 36. b4 axb4 37. axb4 g5 38. Nh5+ Ke7 39. h4 Bg6 40.
Ng7 Kf7 41. h5 Kxg7 42. hxg6 Kxg6 0-1

[Event "Guernsey International Chess Festival 2"]
[Site "?"]
[Date "2019.10.26"]
[Round "7.18"]
[White "Burton, Ronnie"]
[Black "Magnussen, Pal"]
[Result "0-1"]
[WhiteElo "1862"]
[BlackElo "1983"]
[PlyCount "48"]
[EventDate "2019.??.??"]

1. c4 Nf6 2. g3 d5 3. cxd5 Qxd5 4. Nf3 Nc6 5. Nc3 Qh5 6. Bg2 a6 7. d3 e5 8. Qa4
Bd7 9. Qh4 O-O-O 10. Bg5 Qg6 11. O-O h6 12. Bd2 Ng4 13. Bg5 hxg5 14. Qxh8 Bc5
15. Qxd8+ Kxd8 16. Ne4 Be7 17. h3 Nh6 18. Rac1 b6 19. Nfd2 Nd4 20. Rfe1 g4 21.
h4 f5 22. Nc3 Bc6 23. Nd5 Bxd5 24. Bxd5 Bb4 0-1

[Event "Guernsey International Chess Festival 2"]
[Site "?"]
[Date "2019.10.26"]
[Round "7.19"]
[White "Brookfield, Toby"]
[Black "Fassaert, Desire JM"]
[Result "1/2-1/2"]
[WhiteElo "1804"]
[BlackElo "1952"]
[PlyCount "44"]
[EventDate "2019.??.??"]

1. e4 c6 2. d4 d5 3. Nd2 dxe4 4. Nxe4 Nd7 5. Ng5 Ngf6 6. Bd3 e6 7. N1f3 Bd6 8.
O-O h6 9. Ne4 Nxe4 10. Bxe4 Nf6 11. Bd3 Qc7 12. Qe2 O-O 13. h3 c5 14. Be3 b6
15. c4 Bb7 16. Rac1 Rac8 17. Rfd1 Rfd8 18. Bb1 Ba8 19. dxc5 Bxc5 20. Bxc5 Qxc5
21. a3 Qe7 22. Ne5 Qb7 1/2-1/2

[Event "Guernsey International Chess Festival 2"]
[Site "?"]
[Date "2019.10.26"]
[Round "7.20"]
[White "Agustsson, Hafsteinn"]
[Black "Sedgwick, David R"]
[Result "1/2-1/2"]
[WhiteElo "1804"]
[BlackElo "1999"]
[PlyCount "35"]
[EventDate "2019.??.??"]

1. e4 e6 2. d4 d5 3. Nc3 dxe4 4. Nxe4 Nd7 5. Nf3 Ngf6 6. Bg5 Be7 7. Nxf6+ Bxf6
8. Qd2 b6 9. Bb5 Bxg5 10. Qxg5 Qxg5 11. Nxg5 h6 12. Bc6 Rb8 13. Nf3 Bb7 14. Ne5
Bxc6 15. Nxc6 Ra8 16. O-O-O O-O 17. f3 Rfe8 18. Rhe1 1/2-1/2

[Event "46th Guernsey Open"]
[Site "?"]
[Date "2022.10.16"]
[Round "1"]
[White "Nevska, Gerda"]
[Black "Chatalbashev, Boris"]
[Result "0-1"]
[WhiteElo "1841"]
[BlackElo "2488"]
[PlyCount "56"]
[EventDate "2022.??.??"]

1. c4 e5 2. Nc3 d6 3. g3 f5 4. e4 c5 5. Bg2 Nc6 6. d3 Nf6 7. f4 exf4 8. Bxf4
Be7 9. Nge2 O-O 10. O-O fxe4 11. dxe4 Be6 12. Nd5 Ne5 13. Bxe5 dxe5 14. Nec3
Nd7 15. Rxf8+ Bxf8 16. Qe2 Nb8 17. Rd1 Nc6 18. Nb5 Nd4 19. Qh5 g6 20. Qxe5 Bg7
21. Qc7 Bg4 22. Ne7+ Kh8 23. Nd6 Be6 24. Nxg6+ hxg6 25. Qxc5 b6 26. Qb4 Qg5 27.
e5 Ne2+ 28. Kh1 Nxg3+ 0-1

[Event "46th Guernsey Open"]
[Site "?"]
[Date "2022.10.16"]
[Round "1"]
[White "Hebden, Mark L"]
[Black "Boudkeev, Timour"]
[Result "1-0"]
[WhiteElo "2434"]
[BlackElo "1839"]
[PlyCount "75"]
[EventDate "2022.??.??"]

1. d4 Nf6 2. Nf3 e6 3. c4 d5 4. Nc3 Be7 5. Bg5 O-O 6. e3 Nc6 7. Rc1 h6 8. Bh4
Nh7 9. Bxe7 Nxe7 10. Bd3 Nf6 11. O-O Bd7 12. Ne5 Nc6 13. f4 Nb4 14. Bb1 dxc4
15. Nxc4 Nbd5 16. Qd3 Nxc3 17. Qxc3 Bb5 18. Rfd1 Bxc4 19. Qxc4 c6 20. e4 Rc8
21. b4 Qc7 22. g3 Rfd8 23. a4 Ng4 24. Qe2 Nf6 25. Rc4 Qb6 26. Qc2 g6 27. Qc3
Ne8 28. Rc5 Qa6 29. Bd3 Qb6 30. b5 Rd6 31. e5 Rd5 32. Rxd5 exd5 33. f5 Ng7 34.
fxg6 fxg6 35. Bxg6 c5 36. Bb1 Ne6 37. Bf5 Nxd4 38. Rxd4 1-0

[Event "46th Guernsey Open"]
[Site "?"]
[Date "2022.10.16"]
[Round "1"]
[White "Parker, Keith"]
[Black "Hunt, Harriet V"]
[Result "0-1"]
[WhiteElo "1834"]
[BlackElo "2395"]
[PlyCount "69"]
[EventDate "2022.??.??"]

1. d4 Nf6 2. Nf3 e6 3. e3 b6 4. Bd3 Bb7 5. O-O d5 6. Nbd2 Nbd7 7. c4 Bd6 8.
cxd5 exd5 9. b3 O-O 10. Bb2 Qe7 11. Re1 Ne4 12. Rc1 a6 13. Qe2 f5 14. g3 c5 15.
Nf1 Rf7 16. h4 h6 17. Ba1 b5 18. dxc5 Bxc5 19. Rc2 Qd6 20. Rec1 Re8 21. Nd4 Bb6
22. Qh5 Qf8 23. Ne2 Nec5 24. Nf4 Nxd3 25. Nxd3 Qd6 26. Rd1 Qe6 27. Bd4 Qe4 28.
Ne1 Ba5 29. Bc3 Bxc3 30. Rxc3 Ne5 31. f3 Qb4 32. Rc7 g6 33. Rxf7 gxh5 34. Rxb7
Rd8 35. Nd3 0-1

[Event "46th Guernsey Open"]
[Site "?"]
[Date "2022.10.16"]
[Round "1"]
[White "Zeidler, Sven P"]
[Black "Ingham, H William"]
[Result "1-0"]
[WhiteElo "2148"]
[BlackElo "1831"]
[PlyCount "41"]
[EventDate "2022.??.??"]

1. e4 d6 2. f4 Nf6 3. d3 c6 4. Be2 e5 5. Nf3 Qb6 6. Na3 Nbd7 7. c3 Be7 8. Nc4
Qc7 9. O-O O-O 10. fxe5 dxe5 11. Bg5 b5 12. Ne3 Bc5 13. d4 exd4 14. cxd4 Bb6
15. e5 Nd5 16. Nxd5 cxd5 17. Rc1 Qb8 18. Be7 Re8 19. Bd6 Qb7 20. Bxb5 Nb8 21.
Bxe8 1-0

[Event "46th Guernsey Open"]
[Site "?"]
[Date "2022.10.16"]
[Round "1"]
[White "Gravett, Alan D"]
[Black "Villiers, Thomas"]
[Result "1/2-1/2"]
[WhiteElo "1829"]
[BlackElo "2141"]
[PlyCount "136"]
[EventDate "2022.??.??"]

1. g3 d5 2. Bg2 Nf6 3. Nf3 c5 4. O-O Nc6 5. d4 Bg4 6. dxc5 e5 7. c4 dxc4 8. Qa4
Bxc5 9. Nxe5 O-O 10. Nxg4 Nxg4 11. Qxc4 Qd4 12. Qxd4 Nxd4 13. Bxb7 Rab8 14. Be4
Nxe2+ 15. Kg2 Nxc1 16. Rxc1 Bd4 17. Nc3 Nxf2 18. Rc2 Nxe4 19. Nxe4 Rxb2 20.
Rxb2 Bxb2 21. Rb1 Bd4 22. Rb7 g6 23. Rd7 Bb6 24. a4 Rd8 25. Rb7 h6 26. a5 Bd4
27. Rc7 Rd5 28. Rc4 f5 29. Nd2 Bb6 30. Nb3 Bxa5 31. Nxa5 Rxa5 32. Rc8+ Kf7 33.
h4 Re5 34. Rc6 Re6 35. Rc7+ Re7 36. Rc6 h5 37. Kf3 Kg7 38. Ra6 Kh7 39. Kf2 Rg7
40. Kf3 Kg8 41. Rc6 Kf7 42. Kf4 Ke8 43. Ke5 Kd7 44. Ra6 Kc8 45. Kf6 Rc7 46.
Kxg6 Kb7 47. Ra3 Kb6 48. Kxh5 Rg7 49. Rf3 a5 50. Rxf5 Rxg3 51. Rg5 Rh3 52. Kg4
Rh1 53. h5 a4 54. Rg6+ Kb5 55. Rf6 Rg1+ 56. Kh3 a3 57. Rf2 Rb1 58. Rh2 Ka4 59.
h6 Rb3+ 60. Kg4 Rb4+ 61. Kg5 Rb5+ 62. Kf6 Rb2 63. Rh4+ Rb4 64. Rh1 a2 65. Ra1
Ka3 66. h7 Rb8 67. Kg7 Rb7+ 68. Kg8 Rb1 1/2-1/2

[Event "46th Guernsey Open"]
[Site "?"]
[Date "2022.10.16"]
[Round "1"]
[White "Giulian, Philip M"]
[Black "Brookfield, Toby"]
[Result "1-0"]
[WhiteElo "2131"]
[BlackElo "1816"]
[PlyCount "69"]
[EventDate "2022.??.??"]

1. c4 Nf6 2. Nc3 e6 3. e4 c5 4. Nf3 d6 5. Be2 Nc6 6. d4 cxd4 7. Nxd4 Be7 8. Be3
O-O 9. O-O a6 10. Rc1 Bd7 11. Nc2 Rc8 12. b3 Qa5 13. Bd2 Qd8 14. f3 Re8 15. Be3
Bf8 16. Qd2 Qe7 17. Rfd1 g6 18. Bg5 h6 19. Bxh6 Bxh6 20. Qxh6 d5 21. cxd5 exd5
22. Nxd5 Nxd5 23. Rxd5 Be6 24. Rdd1 Red8 25. Qe3 Rxd1+ 26. Rxd1 Ne5 27. Nd4 Qc5
28. Kf2 Bd7 29. h3 Qa3 30. Rd2 Qe7 31. Kg3 Kg7 32. f4 Nc6 33. Nxc6 Bxc6 34. Bf3
Rh8 35. Qd4+ 1-0

[Event "46th Guernsey Open"]
[Site "?"]
[Date "2022.10.16"]
[Round "1"]
[White "Downey, Keith"]
[Black "Johnsen, Gunnar"]
[Result "0-1"]
[WhiteElo "1808"]
[BlackElo "2121"]
[PlyCount "73"]
[EventDate "2022.??.??"]

1. c4 f5 2. Nc3 Nf6 3. g3 g6 4. Bg2 Bg7 5. d3 d6 6. e4 O-O 7. Nge2 c6 8. O-O e5
9. Rb1 a5 10. b3 Na6 11. a3 fxe4 12. dxe4 Be6 13. h3 Qd7 14. Kh2 Rab8 15. Be3
b5 16. cxb5 cxb5 17. Nd5 b4 18. axb4 axb4 19. Qd2 Nc5 20. Bxc5 dxc5 21. f4 Nh5
22. Qe3 exf4 23. Ndxf4 Nxf4 24. Nxf4 Bd4 25. Qe2 Rbe8 26. Qc2 Bf7 27. Nd5 Bxd5
28. exd5 Qd6 29. Rbe1 Be5 30. Qd3 Kg7 31. Bh1 h5 32. h4 Bf6 33. Be4 Bxh4 34.
Kg2 Rxf1 35. Rxf1 Qxg3+ 36. Kh1 Qxd3 37. Bxd3 0-1

[Event "46th Guernsey Open"]
[Site "?"]
[Date "2022.10.16"]
[Round "1"]
[White "Onslow, Alfie"]
[Black "Dubois, Claude"]
[Result "1-0"]
[WhiteElo "2115"]
[BlackElo "1807"]
[PlyCount "83"]
[EventDate "2022.??.??"]

1. e4 e5 2. Nf3 Nc6 3. Bc4 Bc5 4. c3 Nf6 5. d3 d5 6. exd5 Nxd5 7. Qb3 Nce7 8.
Qb5+ c6 9. Qxc5 O-O 10. O-O b6 11. Qa3 h6 12. Nxe5 b5 13. Bxd5 cxd5 14. Be3 Bf5
15. Bc5 Re8 16. Bxe7 Qxe7 17. Qxe7 Rxe7 18. d4 f6 19. Nf3 Re2 20. Nbd2 Rae8 21.
Rfe1 Kf8 22. Rxe2 Rxe2 23. Re1 Re8 24. Rxe8+ Kxe8 25. Nh4 Bh7 26. g4 g6 27. f4
Kf7 28. Nb3 h5 29. gxh5 gxh5 30. f5 Kg7 31. Kf2 Kh6 32. Kg3 Kg5 33. Nd2 Kh6 34.
Nf1 Bg8 35. Ne3 Bf7 36. Nhg2 Kg5 37. h4+ Kh6 38. Nf4 Kg7 39. Ne6+ Bxe6 40. fxe6
Kf8 41. Nxd5 f5 42. Kf4 1-0

[Event "46th Guernsey Open"]
[Site "?"]
[Date "2022.10.16"]
[Round "1"]
[White "Plug, Arjan"]
[Black "Jackson, Oliver A"]
[Result "1/2-1/2"]
[WhiteElo "1795"]
[BlackElo "2095"]
[PlyCount "88"]
[EventDate "2022.??.??"]

1. e4 c5 2. Nf3 e6 3. Nc3 a6 4. g3 b5 5. Bg2 Bb7 6. d3 d6 7. O-O Nd7 8. Ng5
Ngf6 9. f4 h6 10. Nh3 Be7 11. f5 e5 12. Nd5 O-O 13. c4 Rb8 14. b3 Bc6 15. Bd2
Re8 16. Nxe7+ Qxe7 17. g4 Nh7 18. g5 hxg5 19. Bf3 bxc4 20. bxc4 Ndf8 21. Kh1 g6
22. Bg4 f6 23. Nf2 Qg7 24. Qf3 gxf5 25. Bxf5 Ng6 26. Qh5 Nf4 27. Bxf4 exf4 28.
Ng4 Rf8 29. Rab1 Rxb1 30. Rxb1 Be8 31. Qh3 Bg6 32. Bxg6 Qxg6 33. Rb7 Kh8 34.
Nh6 d5 35. cxd5 c4 36. Nf5 cxd3 37. Qxd3 g4 38. d6 g3 39. hxg3 Qh5+ 40. Kg2 Ng5
41. gxf4 Qg4+ 42. Kf1 Qxf4+ 43. Ke1 Rc8 44. Rc7 Rxc7 1/2-1/2

[Event "46th Guernsey Open"]
[Site "?"]
[Date "2022.10.16"]
[Round "1"]
[White "Page, Mark E"]
[Black "Agustsson, Hafsteinn"]
[Result "0-1"]
[WhiteElo "2095"]
[BlackElo "1776"]
[PlyCount "86"]
[EventDate "2022.??.??"]

1. e4 c5 2. Nf3 Nc6 3. Bb5 g6 4. O-O Bg7 5. Re1 Nf6 6. e5 Nd5 7. Nc3 Nc7 8.
Bxc6 dxc6 9. Ne4 Ne6 10. d3 O-O 11. Be3 b6 12. Qd2 Re8 13. Ng3 Nd4 14. Nxd4
cxd4 15. Bh6 Bh8 16. a4 Qd5 17. f4 a5 18. Re4 Bd7 19. Rae1 f5 20. R4e2 c5 21.
b3 e6 22. Ra1 Ra7 23. Ree1 Rea8 24. Nf1 Bc6 25. Qf2 Bg7 26. Bxg7 Rxg7 27. h4 h6
28. Ng3 Qd8 29. Ne2 g5 30. hxg5 hxg5 31. Kf1 Kf7 32. fxg5 Qxg5 33. Nf4 Qg4 34.
Re2 Rh8 35. Nh3 Rhg8 36. Nf4 Rh8 37. Nh3 Rxh3 38. gxh3 Qxh3+ 39. Ke1 Rg2 40.
Qf1 Qg3+ 41. Kd2 Qg5+ 42. Ke1 Rg1 43. Kf2 Qg3# 0-1

[Event "46th Guernsey Open"]
[Site "?"]
[Date "2022.10.16"]
[Round "1"]
[White "Simons, Sebastiaan"]
[Black "Gant, Chris J"]
[Result "1/2-1/2"]
[WhiteElo "1771"]
[BlackElo "2091"]
[PlyCount "127"]
[EventDate "2022.??.??"]

1. e4 d6 2. d4 Nf6 3. Nc3 g6 4. Be2 Bg7 5. Be3 c6 6. h3 O-O 7. Nf3 Qc7 8. Qd2
b5 9. Bd3 b4 10. Ne2 c5 11. c3 bxc3 12. bxc3 Ba6 13. O-O Bxd3 14. Qxd3 Nc6 15.
Rab1 Na5 16. Nd2 Rab8 17. f4 e6 18. g4 Nd7 19. f5 exf5 20. gxf5 Rxb1 21. Rxb1
c4 22. Qc2 gxf5 23. exf5 Re8 24. Kf2 d5 25. Rh1 Nc6 26. f6 Nxf6 27. Qf5 Qe7 28.
Qf3 Qxe3+ 29. Qxe3 Rxe3 30. Kxe3 Bh6+ 31. Nf4 Nh5 32. Rg1+ Kf8 33. Rg4 Nxf4 34.
Rxf4 Ke7 35. Kf3 Bxf4 36. Kxf4 Kf6 37. Nf3 Nd8 38. Ne5 Ne6+ 39. Kg4 Nc5 40.
Nxc4 Ne4 41. Ne5 Nxc3 42. a3 Nb5 43. Nc6 Nxa3 44. Nxa7 Nc2 45. Nb5 Ke6 46. Kf4
f6 47. h4 h5 48. Nc7+ Kd6 49. Ne8+ Ke7 50. Nc7 Nxd4 51. Nxd5+ Ke6 52. Ke4 Ne2
53. Nc7+ Kf7 54. Kf5 Nd4+ 55. Ke4 Ne6 56. Nd5 Ng7 57. Nf4 Ke7 58. Nd5+ Ke6 59.
Nf4+ Kd6 60. Ne2 Ke6 61. Nf4+ Kf7 62. Nd5 Ne6 63. Kf5 Nd4+ 64. Ke4 1/2-1/2

[Event "46th Guernsey Open"]
[Site "?"]
[Date "2022.10.16"]
[Round "1"]
[White "Smith, Andrew Philip"]
[Black "Vernon, Guy"]
[Result "1-0"]
[WhiteElo "2087"]
[BlackElo "1766"]
[PlyCount "95"]
[EventDate "2022.??.??"]

1. d4 Nf6 2. Bf4 e6 3. e3 d5 4. Nd2 c5 5. c3 Nc6 6. Bd3 Bd6 7. Ngf3 Bxf4 8.
exf4 cxd4 9. cxd4 Qb6 10. Nb3 O-O 11. O-O Nb4 12. Bb1 Bd7 13. a3 Nc6 14. Re1 a5
15. Ne5 a4 16. Nc5 Be8 17. Bc2 Qxb2 18. Nxa4 Qxd4 19. Nd3 Ne4 20. Re3 Rxa4 21.
Bxa4 Nc3 22. Qc2 Nxa4 23. Rb1 Qc4 24. Qd2 Qc3 25. Qd1 Nd4 26. Rxb7 Qxa3 27. Ne5
Nc3 28. Qe1 Qc1 29. Qxc1 Nce2+ 30. Kf1 Nxc1 31. Rb1 Bb5+ 32. Ke1 Rc8 33. Kd2
Rc2+ 34. Kd1 f6 35. Rxb5 fxe5 36. Rb8+ Kf7 37. fxe5 Nce2 38. Rb4 Ra2 39. Rd3
Nc6 40. Rf3+ Kg6 41. Rg4+ Kh5 42. Rxg7 Kh6 43. Rg8 Ra1+ 44. Kxe2 Ra2+ 45. Kd1
Ra1+ 46. Kd2 Ra2+ 47. Kc1 Ra1+ 48. Kb2 1-0

[Event "46th Guernsey Open"]
[Site "?"]
[Date "2022.10.16"]
[Round "1"]
[White "Turner, David J"]
[Black "Mason, Donald J"]
[Result "1/2-1/2"]
[WhiteElo "1754"]
[BlackElo "2081"]
[PlyCount "46"]
[EventDate "2022.??.??"]

1. e4 c5 2. Nf3 Nc6 3. g3 g6 4. Bg2 Bg7 5. O-O Nf6 6. d3 O-O 7. Nbd2 d5 8. Re1
Qc7 9. Qe2 Rd8 10. h3 e5 11. a3 d4 12. Nf1 b5 13. Bg5 h6 14. Bd2 Be6 15. g4 Ne8
16. Ng3 f6 17. Nh4 Ne7 18. Bf1 Nd6 19. f4 exf4 20. Bxf4 g5 21. Bxd6 Qxd6 22.
Nhf5 Nxf5 23. Nxf5 Bxf5 1/2-1/2